| 000 | 00674nam a2200169Ia 4500 | ||
|---|---|---|---|
| 008 | 100122s9999 xx 000 0 und d | ||
| 082 |
_b61068 _a133.5 |
||
| 100 | _aदेशिंगकर वि श्री | ||
| 245 | _aतुमचे आयुष्य किती आहे ? (क. क्र. 11/3 ) | ||
| 260 |
_bमनोरमा प्रकाशन _c2002 |
||
| 300 | _a299 | ||
| 520 | _aभविष्य | ||
| 620 | _aभविष्य | ||
| 630 | _aतुमचे आयुष्य किती आहे ? (क. क्र. 11/3 ) | ||
| 730 | _aतुमचे आयुष्य किती आहे ? (क. क्र. 11/3 ) | ||
| 942 | _cBOOK | ||
| 999 |
_c435975 _d435972 |
||